Statistics for Most Guessed Biggest Cities in the United States

Click here to take the quiz!

General Stats

  • This quiz has been taken 49 times
  • The average score is 9 of 10

Answer Stats

City% Correct
Los Angeles
100%
Chicago
98%
New York City
98%
Boston
91%
Houston
91%
Miami
91%
San Francisco
91%
Dallas
82%
Seattle
82%
Washington
75%

Score Distribution

Percentile by Number Answered

Percent of People with Each Score

Your Score History

You have not taken this quiz